[Event "RA March op"]
[Site "Ottawa CAN"]
[Date "2022.03.05"]
[Round "2"]
[White "Adriaanse, Adam"]
[Black "Rodrigue-Lemieux, Shawn"]
[Result "0-1"]
[WhiteElo "2200"]
[BlackElo "2457"]
[PlyCount "62"]
[EventDate "2022.03.04"]
[EventType "swiss"]
[EventRounds "5"]
[EventCountry "CAN"]

1. d4 Nf6 2. c4 e6 3. Nf3 d5 4. Nc3 Bb4 5. Bg5 h6 6. Bh4 dxc4 7. Qa4+ Nc6 8. e3
Bd7 9. Qc2 b5 10. Nd2 a6 11. Be2 Be7 12. O-O O-O 13. a4 Nb4 14. Qb1 Nfd5 15.
Bxe7 Qxe7 16. Rc1 c5 17. dxc5 Qxc5 18. Nde4 Qb6 19. b3 cxb3 20. axb5 Bxb5 21.
Nxb5 axb5 22. Rxa8 Rxa8 23. Qxb3 Qa5 24. Nd6 Na2 25. Ra1 Qd2 26. Bxb5 Ndc3 27.
Nc4 Qd5 28. Ba4 Rxa4 29. Qb8+ Kh7 30. Nd6 Ne2+ 31. Kf1 Nac1 0-1

[Event "RA March op"]
[Site "Ottawa CAN"]
[Date "2022.03.05"]
[Round "2"]
[White "Balasooriya, Randika"]
[Black "Plotkin, Victor"]
[Result "1/2-1/2"]
[WhiteElo "1856"]
[BlackElo "2422"]
[PlyCount "25"]
[EventDate "2022.03.04"]
[EventType "swiss"]
[EventRounds "5"]
[EventCountry "CAN"]

1. e4 e5 2. Nf3 Nf6 3. Nc3 Bb4 4. Bc4 Nc6 5. d3 d5 6. exd5 Nxd5 7. Bd2 Nxc3 8.
bxc3 Bd6 9. Ng5 Rf8 10. Nxh7 Rh8 11. Ng5 Rf8 12. Nh7 Rh8 13. Ng5 1/2-1/2

[Event "RA March op"]
[Site "Ottawa CAN"]
[Date "2022.03.05"]
[Round "2"]
[White "Chiku-Ratte, Olivier-Kenta"]
[Black "Tanaka, Tyler"]
[Result "0-1"]
[WhiteElo "2480"]
[BlackElo "2242"]
[PlyCount "172"]
[EventDate "2022.03.04"]
[EventType "swiss"]
[EventRounds "5"]
[EventCountry "CAN"]

1. d4 Nf6 2. c4 e6 3. Nf3 d5 4. Nc3 c5 5. e3 cxd4 6. exd4 Bb4 7. Bd3 dxc4 8.
Bxc4 O-O 9. O-O b6 10. Bg5 Bb7 11. Qe2 h6 12. Bh4 Be7 13. Rad1 Nc6 14. Rfe1 Nd5
15. Bxd5 Bxh4 16. Be4 Bf6 17. d5 exd5 18. Bxd5 Qb8 19. Ne4 Be7 20. Ng3 Bb4 21.
Rf1 Bc5 22. Qe4 Qe8 23. Qf4 Nd8 24. Bxb7 Nxb7 25. Nf5 Qe6 26. Qg4 Qf6 27. a3
Rfd8 28. Rde1 Rd5 29. N3h4 Rad8 30. b4 Bf8 31. Qe4 g5 32. Ne3 R5d7 33. Nf3 Nd6
34. Qc6 Ne8 35. Qc2 Rc7 36. Qb3 Rcd7 37. Qa4 h5 38. Qb5 g4 39. Ne5 Rd2 40. N5c4
R2d4 41. Qxh5 Ng7 42. Qe5 Qc6 43. Qg5 f6 44. b5 Qxc4 45. Qxf6 Qf7 46. Qc6 Rf4
47. g3 Rfd4 48. f3 gxf3 49. Rxf3 Qh5 50. Kh1 Rd2 51. Ng2 Rd1 52. Qc4+ Kh8 53.
Rf4 Rxe1+ 54. Nxe1 Be7 55. Nf3 Qh3 56. Qe2 Nh5 57. Qe5+ Bf6 58. Rxf6 Qf1+ 59.
Ng1 Nxf6 60. Qg5 Rd1 61. Qh6+ Nh7 62. Qe3 Qxg1+ 63. Qxg1 Rxg1+ 64. Kxg1 Nf6 65.
Kf2 Nd5 66. a4 Nc3 67. Ke3 Nxa4 68. Kd4 Kg7 69. h4 Kg6 70. g4 Kf6 71. Kd5 Nc3+
72. Kc4 Ne2 73. Kd5 Kg7 74. Kc4 Kg6 75. Kd5 Kf6 76. g5+ Kf5 77. Kc4 Nf4 78. Kd4
Ke6 79. Ke4 Nh5 80. Kd4 Ng7 81. g6 Nf5+ 82. Ke4 Nxh4 83. g7 Kf7 84. Kd5 Nf5 85.
Ke5 Nxg7 86. Kd6 Ne6 0-1

[Event "RA March op"]
[Site "Ottawa CAN"]
[Date "2022.03.05"]
[Round "2"]
[White "Jaferian, Koosha"]
[Black "Ghasi, Ameet"]
[Result "0-1"]
[WhiteElo "2392"]
[BlackElo "2518"]
[PlyCount "98"]
[EventDate "2022.03.04"]
[EventType "swiss"]
[EventRounds "5"]
[EventCountry "CAN"]

1. d4 Nf6 2. c4 g6 3. g3 Bg7 4. Bg2 O-O 5. Nc3 d6 6. Nf3 Nc6 7. O-O Bf5 8. d5
Na5 9. Nd2 c5 10. e4 Bd7 11. Qc2 a6 12. b3 b5 13. Bb2 Rb8 14. Rab1 e5 15. Ne2
Bh6 16. f4 Re8 17. Nc1 Ng4 18. Qc3 f5 19. h3 Nf6 20. Kh2 b4 21. Qd3 exf4 22.
gxf4 Nh5 23. Ne2 Qh4 24. Qf3 fxe4 25. Nxe4 Nb7 26. N4g3 Ng7 27. Rbe1 Rf8 28.
Bc1 Rbe8 29. Bd2 Re7 30. Nc1 Rxe1 31. Rxe1 Bxf4 32. Bxf4 Qxf4 33. Qxf4 Rxf4 34.
Ne4 h6 35. Nd3 Rf7 36. a3 bxa3 37. Ra1 a5 38. Nxd6 Nxd6 39. Nxc5 a4 40. Nxd7
Rxd7 41. c5 axb3 42. Rxa3 b2 43. Ra8+ Kh7 44. c6 Re7 45. Rb8 Re2 46. c7 Rc2 47.
Kg3 Ngf5+ 48. Kf4 Rxg2 49. Ke5 Rc2 0-1

[Event "RA March op"]
[Site "Ottawa CAN"]
[Date "2022.03.05"]
[Round "2"]
[White "Latreille, Etienne"]
[Black "Pace, Christopher"]
[Result "1-0"]
[WhiteElo "1813"]
[BlackElo "2267"]
[PlyCount "63"]
[EventDate "2022.03.04"]
[EventType "swiss"]
[EventRounds "5"]
[EventCountry "CAN"]

1. e4 c5 2. Nf3 d6 3. Bb5+ Bd7 4. Bxd7+ Nxd7 5. O-O Ngf6 6. Qe2 g6 7. b3 Bg7 8.
Bb2 O-O 9. d4 cxd4 10. Nxd4 Qb6 11. c4 Nc5 12. Nc3 a5 13. Rab1 a4 14. Ba1 axb3
15. Nxb3 Ncd7 16. Nd5 Nxd5 17. Bxg7 Kxg7 18. exd5 Rfe8 19. Rfc1 Qa6 20. Qb2+
Kg8 21. c5 Ne5 22. Rd1 Qxa2 23. Qxa2 Rxa2 24. c6 bxc6 25. f4 Nc4 26. dxc6 Rc8
27. Nd4 e5 28. fxe5 dxe5 29. Ne6 Nd2 30. c7 fxe6 31. Rb8 Ra8 32. Rxa8 1-0

[Event "RA March op"]
[Site "Ottawa CAN"]
[Date "2022.03.05"]
[Round "2"]
[White "Liang, Jason"]
[Black "Wei, William"]
[Result "1-0"]
[WhiteElo "2431"]
[BlackElo "2192"]
[PlyCount "67"]
[EventDate "2022.03.04"]
[EventType "swiss"]
[EventRounds "5"]
[EventCountry "CAN"]

1. e4 c5 2. Nf3 d6 3. Bb5+ Bd7 4. Bxd7+ Nxd7 5. O-O Ngf6 6. Qe2 e6 7. d4 cxd4
8. Nxd4 h6 9. c4 Be7 10. Nc3 O-O 11. b3 Qb6 12. Be3 Nc5 13. f3 Nfd7 14. Rfd1
Bf6 15. Rab1 Qb4 16. Ncb5 Na6 17. a3 Qa5 18. b4 Qa4 19. Nc3 Qxa3 20. Ndb5 Qxc3
21. Nxc3 Bxc3 22. Rxd6 Nf6 23. b5 Nc7 24. Rd3 Ba5 25. c5 b6 26. Qa2 Rfd8 27.
Rxd8+ Rxd8 28. Bf4 Nfe8 29. c6 f6 30. Qb3 Kf8 31. Bxc7 Nxc7 32. Rd1 Bd2 33.
Rxd2 Rxd2 34. Qb4+ 1-0

[Event "RA March op"]
[Site "Ottawa CAN"]
[Date "2022.03.05"]
[Round "2"]
[White "Nunez-Painchaud, Raphael"]
[Black "Gao, Raymond"]
[Result "1/2-1/2"]
[WhiteElo "2250"]
[BlackElo "2103"]
[PlyCount "63"]
[EventDate "2022.03.04"]
[EventType "swiss"]
[EventRounds "5"]
[EventCountry "CAN"]

1. d4 Nf6 2. c4 c5 3. d5 b5 4. cxb5 a6 5. bxa6 g6 6. Nc3 Bxa6 7. e4 Bxf1 8.
Kxf1 d6 9. Nf3 Bg7 10. g3 O-O 11. Kg2 Nbd7 12. h3 Ra6 13. Qe2 Qa8 14. a4 e6 15.
Nb5 Qb7 16. dxe6 fxe6 17. Nc7 Rb6 18. Nxe6 Re8 19. Qc4 d5 20. exd5 Rexe6 21.
dxe6 Ne5 22. Qe2 Rb3 23. Qxe5 Rxf3 24. Kg1 Rxf2 25. Kxf2 Ne4+ 26. Qxe4 Qxe4 27.
Re1 Bd4+ 28. Be3 Qf5+ 29. Kg2 Qe4+ 30. Kf2 Qf5+ 31. Kg2 Qe4+ 32. Kf2 1/2-1/2

[Event "RA March op"]
[Site "Ottawa CAN"]
[Date "2022.03.05"]
[Round "2"]
[White "Sambuev, Bator"]
[Black "Han, Johnathan"]
[Result "1-0"]
[WhiteElo "2556"]
[BlackElo "2271"]
[PlyCount "71"]
[EventDate "2022.03.04"]
[EventType "swiss"]
[EventRounds "5"]
[EventCountry "CAN"]

1. d4 Nf6 2. Nf3 e6 3. e3 b6 4. Bd3 Bb7 5. O-O Be7 6. c4 c5 7. Nc3 cxd4 8. exd4
O-O 9. d5 Re8 10. Re1 h6 11. a3 exd5 12. cxd5 Bf8 13. Rxe8 Nxe8 14. Bf4 d6 15.
Qd2 Nd7 16. Bb5 Rc8 17. Nd4 Ndf6 18. Nc6 Bxc6 19. Bxc6 Ng4 20. Nb5 a6 21. Nd4
Ne5 22. Bb7 Rc7 23. Bxa6 Nf6 24. Nb5 Rc5 25. Nc3 Qa8 26. Be2 Nfd7 27. Rd1 Rc8
28. Bb5 Rd8 29. Be3 Qb8 30. h3 Be7 31. Ne4 Nf6 32. Nxf6+ Bxf6 33. Rc1 Ng6 34.
Rc6 Ne7 35. Rxb6 Qc8 36. Be2 1-0

[Event "RA March op"]
[Site "Ottawa CAN"]
[Date "2022.03.05"]
[Round "2"]
[White "Xu, Eddie"]
[Black "Adam, Rafael"]
[Result "1/2-1/2"]
[WhiteElo "2178"]
[BlackElo "1979"]
[PlyCount "159"]
[EventDate "2022.03.04"]
[EventType "swiss"]
[EventRounds "5"]
[EventCountry "CAN"]

1. e4 e5 2. Nf3 Nc6 3. Bb5 a6 4. Ba4 Nf6 5. O-O Nxe4 6. d4 b5 7. Bb3 d5 8. dxe5
Be6 9. Nbd2 Nc5 10. c3 d4 11. Ng5 Bxb3 12. Nxb3 Qd5 13. Nxd4 Nxe5 14. Re1 Be7
15. f4 Ng6 16. Qe2 Nd7 17. f5 Nge5 18. Ngf3 Bd6 19. a4 O-O 20. axb5 Nxf3+ 21.
Qxf3 Qxf3 22. gxf3 axb5 23. Rxa8 Rxa8 24. Nxb5 Ne5 25. Kg2 Nd3 26. Rd1 Nxc1 27.
Nxd6 Rd8 28. Rxc1 Rxd6 29. Re1 Kf8 30. Kg3 Rd2 31. b4 Rd3 32. c4 Rd4 33. Re4
Rd2 34. b5 Rc2 35. h4 f6 36. h5 Kf7 37. f4 Rc3+ 38. Kf2 g6 39. fxg6+ hxg6 40.
h6 Rh3 41. c5 Rxh6 42. b6 cxb6 43. cxb6 Rh2+ 44. Kf3 Rb2 45. Ra4 Rxb6 46. Ra5
Ke6 47. Rc5 Rb3+ 48. Ke2 Rg3 49. Kf2 Rd3 50. Ra5 Rd5 51. Ra4 Kf5 52. Ke3 Rb5
53. Kf3 Rb3+ 54. Ke2 Kg4 55. Ra6 f5 56. Rxg6+ Kxf4 57. Ra6 Rb2+ 58. Kf1 Kg3 59.
Ra3+ Kg4 60. Ra4+ f4 61. Ra3 Rh2 62. Kg1 Re2 63. Kf1 Re4 64. Kf2 Rb4 65. Kf1
Kf5 66. Kf2 Ke4 67. Kf1 Rb2 68. Ke1 Rb1+ 69. Kf2 Rb4 70. Kf1 Rb2 71. Ke1 Rh2
72. Kf1 Kf5 73. Kg1 Re2 74. Kf1 Rb2 75. Ke1 Kg4 76. Kf1 f3 77. Ra8 Rb4 78. Kf2
Rb2+ 79. Kf1 Kg3 80. Rg8+ 1/2-1/2

[Event "RA March op"]
[Site "Ottawa CAN"]
[Date "2022.03.05"]
[Round "3"]
[White "Adam, Rafael"]
[Black "Adriaanse, Adam"]
[Result "0-1"]
[WhiteElo "1979"]
[BlackElo "2200"]
[PlyCount "80"]
[EventDate "2022.03.04"]
[EventType "swiss"]
[EventRounds "5"]
[EventCountry "CAN"]

1. d4 Nf6 2. c4 e6 3. g3 Bb4+ 4. Bd2 Qe7 5. Nf3 O-O 6. Bg2 Bxd2+ 7. Qxd2 d6 8.
Nc3 e5 9. d5 Na6 10. O-O Nc5 11. Qc2 a5 12. Nd2 Re8 13. e4 c6 14. Rae1 Bd7 15.
f4 Rab8 16. Nf3 exf4 17. e5 dxe5 18. Rxe5 Qd6 19. gxf4 Ng4 20. Ng5 Qh6 21. Nf3
Qxf4 22. Rxe8+ Rxe8 23. Nd1 Ne4 24. Re1 Bf5 25. dxc6 bxc6 26. Qa4 Qc7 27. c5
Rd8 28. Ne3 Nxc5 29. Qc4 Nxe3 30. Qxc5 Nxg2 31. Kxg2 Qf4 32. Qxa5 Rb8 33. Qc3
Be4 34. b3 Rb5 35. Qe3 Bxf3+ 36. Qxf3 Rg5+ 37. Kf2 Qxh2+ 38. Ke3 Re5+ 39. Kd3
Rxe1 40. Qxc6 Qe2+ 0-1

[Event "RA March op"]
[Site "Ottawa CAN"]
[Date "2022.03.05"]
[Round "3"]
[White "Chiku-Ratte, Olivier-Kenta"]
[Black "Shi, Michael"]
[Result "1-0"]
[WhiteElo "2480"]
[BlackElo "1999"]
[PlyCount "109"]
[EventDate "2022.03.04"]
[EventType "swiss"]
[EventRounds "5"]
[EventCountry "CAN"]

1. d4 d5 2. c4 e6 3. Nc3 Nf6 4. Bg5 Bb4 5. Qa4+ Nc6 6. e3 O-O 7. Bd3 Be7 8.
Nge2 Nb4 9. Bb1 Bd7 10. Qb3 dxc4 11. Qxc4 Nfd5 12. Bxe7 Qxe7 13. O-O Nxc3 14.
bxc3 Na6 15. Qd3 g6 16. Qd2 c5 17. Be4 Rab8 18. Rab1 b5 19. Bd3 c4 20. Bc2 Rfc8
21. e4 b4 22. d5 Qc5 23. h4 bxc3 24. Nxc3 Nb4 25. Rbd1 exd5 26. exd5 Nxc2 27.
Qxc2 Bf5 28. Qc1 Bd3 29. Rfe1 Re8 30. Qf4 Rxe1+ 31. Rxe1 Rd8 32. Qf6 Qf8 33. h5
gxh5 34. Re3 Rd6 35. Rg3+ Bg6 36. Qd4 Qe7 37. Re3 Qf6 38. Qxc4 Rd8 39. Qc7 Qb6
40. Qe7 Qd6 41. Qxa7 Qd7 42. Qxd7 Rxd7 43. f4 f5 44. Kf2 Bf7 45. Rd3 Kf8 46.
Ke3 Ke7 47. Kd4 Kd6 48. Nb5+ Ke7 49. Ke5 Rb7 50. a4 Bg6 51. g3 Rb6 52. d6+ Kd7
53. Rc3 Rc6 54. Rxc6 Kxc6 55. Ke6 1-0

[Event "RA March op"]
[Site "Ottawa CAN"]
[Date "2022.03.05"]
[Round "3"]
[White "Gao, Raymond"]
[Black "Balasooriya, Randika"]
[Result "1-0"]
[WhiteElo "2103"]
[BlackElo "1856"]
[PlyCount "77"]
[EventDate "2022.03.04"]
[EventType "swiss"]
[EventRounds "5"]
[EventCountry "CAN"]

1. e4 c5 2. Nf3 Nc6 3. Bb5 g6 4. O-O Bg7 5. c3 e5 6. d3 Nge7 7. a3 O-O 8. b4 d6
9. Be3 b6 10. d4 cxd4 11. cxd4 Bg4 12. d5 Nd4 13. Bxd4 exd4 14. Nbd2 f5 15. h3
fxe4 16. hxg4 exf3 17. Nxf3 a6 18. Ba4 b5 19. Bb3 Rxf3 20. Qxf3 Rc8 21. Rac1
Rc3 22. Rxc3 dxc3 23. Qe4 Nc8 24. Re1 Nb6 25. Qe6+ Kf8 26. Re3 Be5 27. Rf3+ Kg7
28. Rf7+ Kh8 29. Re7 Nc4 30. Re8+ Qxe8 31. Qxe8+ Kg7 32. g5 Nxa3 33. Qd7+ Kg8
34. Qc8+ Kg7 35. Qxa6 Nb1 36. Qxb5 Nd2 37. Bc2 Kg8 38. Qe8+ Kg7 39. b5 1-0

[Event "RA March op"]
[Site "Ottawa CAN"]
[Date "2022.03.05"]
[Round "3"]
[White "Ghasi, Ameet"]
[Black "Liang, Jason"]
[Result "1/2-1/2"]
[WhiteElo "2518"]
[BlackElo "2431"]
[PlyCount "64"]
[EventDate "2022.03.04"]
[EventType "swiss"]
[EventRounds "5"]
[EventCountry "CAN"]

1. Nf3 d5 2. g3 g6 3. Bg2 Bg7 4. O-O e5 5. d3 Nc6 6. Nbd2 Nge7 7. e4 O-O 8. c3
a5 9. Qc2 a4 10. Re1 h6 11. Rb1 d4 12. cxd4 exd4 13. a3 Be6 14. b4 axb3 15.
Nxb3 b6 16. Bb2 Qd7 17. e5 Nf5 18. g4 Nfe7 19. h3 h5 20. Nbxd4 hxg4 21. Nxe6
gxf3 22. Nxf8 Qf5 23. Bf1 Rxf8 24. Re4 Nxe5 25. Rbe1 N5c6 26. Kh1 Qg5 27. d4
Rd8 28. R1e3 Qf5 29. Qd3 Qg5 30. Qc2 Qf5 31. Qd3 Qg5 32. Qc2 Qf5 1/2-1/2

[Event "RA March op"]
[Site "Ottawa CAN"]
[Date "2022.03.05"]
[Round "3"]
[White "Han, Johnathan"]
[Black "Zhu, Matthew"]
[Result "1-0"]
[WhiteElo "2271"]
[BlackElo "2026"]
[PlyCount "74"]
[EventDate "2022.03.04"]
[EventType "swiss"]
[EventRounds "5"]
[EventCountry "CAN"]

1. e4 c5 2. Nf3 d6 3. d4 cxd4 4. Nxd4 Nf6 5. Nc3 g6 6. Be3 Bg7 7. f3 Nc6 8. Bc4
Bd7 9. Qd2 O-O 10. O-O-O Rc8 11. Bb3 Ne5 12. Kb1 Re8 13. g4 b5 14. h4 b4 15.
Nce2 a5 16. c3 a4 17. Bd5 e6 18. Bb7 Rb8 19. Ba6 Qa5 20. Bd3 bxc3 21. Qxc3 Qxc3
22. Nxc3 a3 23. b3 Rec8 24. Nce2 Bc6 25. Nxc6 Rxc6 26. g5 Nfd7 27. Rhf1 Nc5 28.
Bc2 Nc4 29. Bc1 Ra6 30. Nd4 Na4 31. Ka1 Nc3 32. bxc4 Rab6 33. Bb3 Nxd1 34. Rxd1
Ra6 35. Kb1 Kf8 36. Kc2 Ke7 37. Nb5 Rxb5 1-0

[Event "RA March op"]
[Site "Ottawa CAN"]
[Date "2022.03.05"]
[Round "3"]
[White "Labib, Daniel"]
[Black "Nunez-Painchaud, Raphael"]
[Result "0-1"]
[WhiteElo "2006"]
[BlackElo "2250"]
[PlyCount "68"]
[EventDate "2022.03.04"]
[EventType "swiss"]
[EventRounds "5"]
[EventCountry "CAN"]

1. d4 Nf6 2. Nf3 e6 3. e3 b6 4. Bd3 Bb7 5. O-O d5 6. b3 Bd6 7. Bb2 O-O 8. Nbd2
Ne4 9. c4 Nd7 10. Qc2 f5 11. cxd5 exd5 12. Ne5 Ndf6 13. f3 Nxd2 14. Qxd2 g6 15.
Rac1 Qe7 16. f4 Rac8 17. Nc6 Bxc6 18. Rxc6 Rce8 19. Bc1 Qd7 20. Qc2 Re6 21. h3
Qe7 22. Bd2 Rxe3 23. Bxe3 Qxe3+ 24. Kh1 Bxf4 25. Rf3 Qxd4 26. Qc3 Qxc3 27. Rxc3
Bd6 28. Rc6 Kg7 29. Re3 Ne4 30. b4 Rf7 31. a3 Re7 32. Kg1 Be5 33. Bxe4 Bd4 34.
Bxd5 Rxe3 0-1

[Event "RA March op"]
[Site "Ottawa CAN"]
[Date "2022.03.05"]
[Round "3"]
[White "Plotkin, Victor"]
[Black "Latreille, Etienne"]
[Result "1-0"]
[WhiteElo "2422"]
[BlackElo "1813"]
[PlyCount "55"]
[EventDate "2022.03.04"]
[EventType "swiss"]
[EventRounds "5"]
[EventCountry "CAN"]

1. e4 c5 2. Nf3 Nc6 3. Bb5 g6 4. O-O Bg7 5. Re1 d6 6. c3 Nf6 7. d4 cxd4 8. cxd4
O-O 9. d5 Nb8 10. Nc3 a6 11. Bd3 Bg4 12. h3 Bxf3 13. Qxf3 Nbd7 14. Be3 Rc8 15.
Rac1 Ne5 16. Qe2 b5 17. Bb1 Nc4 18. Bd4 Nd7 19. Bxg7 Kxg7 20. b3 Na3 21. Qb2
Nxb1 22. Nxb5+ Nf6 23. Nd4 Rxc1 24. Rxc1 Qb6 25. Rxb1 Kg8 26. Re1 Rb8 27. Nc6
Rb7 28. Nxe7+ 1-0

[Event "RA March op"]
[Site "Ottawa CAN"]
[Date "2022.03.05"]
[Round "3"]
[White "Rodrigue-Lemieux, Shawn"]
[Black "Sambuev, Bator"]
[Result "0-1"]
[WhiteElo "2457"]
[BlackElo "2556"]
[PlyCount "104"]
[EventDate "2022.03.04"]
[EventType "swiss"]
[EventRounds "5"]
[EventCountry "CAN"]

1. e4 Nf6 2. Nc3 d5 3. exd5 Nxd5 4. Nxd5 Qxd5 5. Qf3 Be6 6. Qxd5 Bxd5 7. d4 Nc6
8. Be3 Nb4 9. Kd2 e5 10. a3 Nc6 11. c4 exd4 12. cxd5 dxe3+ 13. fxe3 O-O-O 14.
Bc4 Ne7 15. e4 f5 16. exf5 Nxd5 17. Nf3 Be7 18. Rhe1 Bf6 19. Kc2 Rd6 20. Rad1
Rhd8 21. Rxd5 Rxd5 22. Bxd5 Rxd5 23. g4 Rc5+ 24. Kb1 a5 25. Re2 Rc4 26. h3 a4
27. Nd2 Rf4 28. Ne4 Bd8 29. Nc5 b6 30. Ne6 Rf1+ 31. Kc2 Bf6 32. g5 Be7 33. h4
Rxf5 34. Nxg7 Rc5+ 35. Kd3 Kd7 36. Ne6 Rd5+ 37. Kc2 b5 38. Re4 c6 39. Nf4 Rc5+
40. Kd3 Rf5 41. Rd4+ Bd6 42. Nh5 Rf3+ 43. Ke2 Rb3 44. Nf6+ Ke6 45. Rd2 Be5 46.
Nxh7 Rxb2 47. g6 Kf5 48. h5 Rxd2+ 49. Kxd2 Bg7 50. Kc2 c5 51. Kb1 c4 52. Kc2 b4
0-1

[Event "RA March op"]
[Site "Ottawa CAN"]
[Date "2022.03.05"]
[Round "3"]
[White "Tanaka, Tyler"]
[Black "Xu, Daniel"]
[Result "0-1"]
[WhiteElo "2242"]
[BlackElo "2089"]
[PlyCount "70"]
[EventDate "2022.03.04"]
[EventType "swiss"]
[EventRounds "5"]
[EventCountry "CAN"]

1. Nf3 Nf6 2. c4 g6 3. b3 Bg7 4. Bb2 d6 5. d4 O-O 6. g3 Nc6 7. Bg2 a6 8. O-O
Rb8 9. Nbd2 b5 10. Rc1 Bd7 11. Re1 Na5 12. e4 Bg4 13. Qc2 Bh6 14. Rcd1 bxc4 15.
Nxc4 Nxc4 16. bxc4 Nd7 17. h3 Bxf3 18. Bxf3 Bg7 19. e5 e6 20. Ba3 c5 21. dxc5
Nxe5 22. Rxe5 Bxe5 23. cxd6 Qa5 24. Qd3 Bb2 25. Bxb2 Rxb2 26. Qd4 Rc2 27. Be4
Rc3 28. d7 Rd8 29. h4 Qa4 30. Rb1 Rxc4 31. Qf6 Qxd7 32. Rb7 Rc7 33. h5 Rxb7 34.
h6 Qd4 35. Qg5 Rbb8 0-1

[Event "RA March op"]
[Site "Ottawa CAN"]
[Date "2022.03.05"]
[Round "3"]
[White "Van Rooy, Jake"]
[Black "Jaferian, Koosha"]
[Result "0-1"]
[WhiteElo "2066"]
[BlackElo "2392"]
[PlyCount "76"]
[EventDate "2022.03.04"]
[EventType "swiss"]
[EventRounds "5"]
[EventCountry "CAN"]

1. g3 d5 2. Bg2 g6 3. d3 Bg7 4. Nf3 e5 5. c4 c6 6. O-O Ne7 7. Qc2 O-O 8. e4 f6
9. h3 Be6 10. Kh2 Qd7 11. Rd1 Rd8 12. Nc3 Qc7 13. b3 Bf7 14. Ba3 d4 15. Na4 Nc8
16. h4 a5 17. Bh3 Na6 18. Qd2 b5 19. cxb5 cxb5 20. Rac1 Qb7 21. Qxa5 Nd6 22.
Nb6 Rab8 23. Nd7 b4 24. Nxb8 Rxb8 25. Bb2 Nb5 26. Rc8+ Bf8 27. Qd8 Rxc8 28.
Qxc8 Qb6 29. Bd7 Nc3 30. Ra1 Nc5 31. Ne1 Qa7 32. Bh3 Kg7 33. Bc1 Be7 34. Qg4
Nxb3 35. Bb2 Nxa1 36. Qd7 Qxd7 37. Bxd7 Bxa2 38. Bxa1 b3 0-1

[Event "RA March op"]
[Site "Ottawa CAN"]
[Date "2022.03.06"]
[Round "4"]
[White "Adriaanse, Adam"]
[Black "Chiku-Ratte, Olivier-Kenta"]
[Result "0-1"]
[WhiteElo "2200"]
[BlackElo "2480"]
[PlyCount "96"]
[EventDate "2022.03.04"]
[EventType "swiss"]
[EventRounds "5"]
[EventCountry "CAN"]

1. d4 Nf6 2. c4 g6 3. Nc3 Bg7 4. e4 d6 5. Nf3 O-O 6. Be2 c6 7. O-O Na6 8. Be3
e5 9. d5 Ng4 10. Bg5 f6 11. Bh4 Qe7 12. Rb1 c5 13. h3 Nh6 14. Ne1 Nf7 15. a3 h5
16. Nd3 Bh6 17. b4 Kg7 18. bxc5 dxc5 19. Bg3 Nd6 20. Qb3 Bd2 21. f3 Be3+ 22.
Kh1 Bd4 23. Nb5 Nxb5 24. cxb5 Nb8 25. f4 Nd7 26. f5 Nb6 27. fxg6 f5 28. exf5
Bxf5 29. Rbe1 h4 30. Bh2 Rae8 31. Nf2 c4 32. Bxc4 Qc5 33. Bd3 Bxf2 34. Rc1 Qe3
35. Rc7+ Kxg6 36. Bxf5+ Rxf5 37. Qd1 Qd4 38. Qc2 Nxd5 39. Rxb7 e4 40. Qc6+ Nf6
41. Qc7 Qd7 42. Qxd7 Nxd7 43. Rxd7 e3 44. Bg1 e2 45. Rxf2 e1=Q 46. Rd6+ Re6 47.
Rxe6+ Qxe6 48. Rc2 Rxb5 0-1

[Event "RA March op"]
[Site "Ottawa CAN"]
[Date "2022.03.06"]
[Round "4"]
[White "Batorshyn, Ilia"]
[Black "Rodrigue-Lemieux, Shawn"]
[Result "0-1"]
[WhiteElo "1974"]
[BlackElo "2457"]
[PlyCount "90"]
[EventDate "2022.03.04"]
[EventType "swiss"]
[EventRounds "5"]
[EventCountry "CAN"]

1. Nf3 d5 2. g3 Nf6 3. Bg2 e6 4. c4 Be7 5. d4 O-O 6. O-O dxc4 7. Qc2 a6 8. a4
Bd7 9. Qxc4 Bc6 10. Bg5 Nbd7 11. Nc3 h6 12. Bxf6 Nxf6 13. Rfe1 Bd5 14. Nxd5
exd5 15. Qb3 Rb8 16. Nd2 a5 17. Nb1 Bb4 18. Nc3 c6 19. Red1 Re8 20. Qc2 h5 21.
Rab1 h4 22. Na2 Bd6 23. b4 axb4 24. Nxb4 Qe7 25. Qc3 Qxe2 26. Re1 Qg4 27. Rxe8+
Rxe8 28. Nc2 h3 29. Bf1 Re7 30. Ne3 Qf3 31. Bxh3 Qxf2+ 32. Kxf2 Ne4+ 33. Kf3
Nxc3 34. Rb3 Ne4 35. Kg2 Nd2 36. Rd3 Nc4 37. Kf3 g6 38. Nd1 Bb4 39. Kf2 Be1+
40. Kg1 Ba5 41. Kf2 Kg7 42. Rb3 Bb6 43. Rd3 Re4 44. Bc8 Bxd4+ 45. Kf3 Ne5+ 0-1

[Event "RA March op"]
[Site "Ottawa CAN"]
[Date "2022.03.06"]
[Round "4"]
[White "Jaferian, Koosha"]
[Black "Tanaka, Tyler"]
[Result "1/2-1/2"]
[WhiteElo "2392"]
[BlackElo "2242"]
[PlyCount "102"]
[EventDate "2022.03.04"]
[EventType "swiss"]
[EventRounds "5"]
[EventCountry "CAN"]

1. Nf3 d5 2. b3 Bg4 3. Bb2 Nd7 4. d4 e6 5. e3 Ngf6 6. Nbd2 Bd6 7. Be2 c6 8. c4
O-O 9. h3 Bh5 10. O-O Qe7 11. Ne5 Bxe2 12. Qxe2 a5 13. a3 Ne4 14. Nxd7 Qxd7 15.
Nxe4 dxe4 16. f3 exf3 17. Rxf3 Bc7 18. e4 f5 19. e5 a4 20. Rd1 b5 21. Kh1 axb3
22. Rxb3 bxc4 23. Qxc4 f4 24. Rc1 Rab8 25. Rxb8 Rxb8 26. Qxc6 Qxc6 27. Rxc6
Bxe5 28. Rxe6 Bf6 29. Re2 Kf7 30. Kg1 g5 31. Kf1 h5 32. Ke1 Kg6 33. Kd1 Kf5 34.
Kc2 g4 35. hxg4+ hxg4 36. Kd3 f3 37. gxf3 gxf3 38. Rh2 Kg4 39. Bc1 Bh4 40. Be3
Rb3+ 41. Ke4 Rxa3 42. Rxh4+ Kxh4 43. Kxf3 Kh5 44. d5 Kg6 45. Ke4 Kf7 46. Bf4
Ra4+ 47. Ke5 Ke7 48. Kf5 Kd7 49. Ke5 Kc8 50. Be3 Kb7 51. Kd6 Ra5 1/2-1/2

[Event "RA March op"]
[Site "Ottawa CAN"]
[Date "2022.03.06"]
[Round "4"]
[White "Liang, Jason"]
[Black "Gao, Raymond"]
[Result "1-0"]
[WhiteElo "2431"]
[BlackElo "2103"]
[PlyCount "63"]
[EventDate "2022.03.04"]
[EventType "swiss"]
[EventRounds "5"]
[EventCountry "CAN"]

1. e4 c5 2. Nf3 d6 3. Bb5+ Nd7 4. Ba4 Ngf6 5. O-O e6 6. Qe2 Be7 7. c4 O-O 8. d4
cxd4 9. Nxd4 Qc7 10. Nc3 Ne5 11. Bb3 a6 12. Bg5 Bd7 13. Nc2 Rfc8 14. Na3 Qa5
15. Bd2 Qc5 16. Rac1 Nc6 17. Be3 Qa5 18. Rfd1 Rab8 19. h3 Qh5 20. Qxh5 Nxh5 21.
c5 b5 22. cxb6 Na5 23. Ba4 Bxa4 24. Nxa4 Nf6 25. b4 Rxc1 26. Rxc1 d5 27. Bf4
Re8 28. bxa5 Bxa3 29. Rc3 Bb4 30. Rb3 Bxa5 31. b7 Nd7 32. Nc5 1-0

[Event "RA March op"]
[Site "Ottawa CAN"]
[Date "2022.03.06"]
[Round "4"]
[White "Nunez-Painchaud, Raphael"]
[Black "Xu, Eddie"]
[Result "1/2-1/2"]
[WhiteElo "2250"]
[BlackElo "2178"]
[PlyCount "129"]
[EventDate "2022.03.04"]
[EventType "swiss"]
[EventRounds "5"]
[EventCountry "CAN"]

1. d4 d5 2. c4 e6 3. Nf3 Nf6 4. g3 Be7 5. Bg2 O-O 6. O-O c6 7. Qc2 Nbd7 8. Nbd2
b6 9. e4 dxc4 10. Nxc4 Bb7 11. Rd1 c5 12. e5 Nd5 13. Qe4 cxd4 14. Nxd4 a6 15.
Qg4 Kh8 16. Bd2 Rc8 17. Qe2 Qc7 18. Rac1 Qb8 19. Nf3 h6 20. Ne3 Nxe3 21. Bxe3
Rxc1 22. Bxc1 Rd8 23. Bf4 Nc5 24. Rxd8+ Qxd8 25. Qd2 Qa8 26. Ne1 Bxg2 27. Nxg2
g5 28. Be3 Qe4 29. Ne1 Qb1 30. Qc1 Qe4 31. Qc3 a5 32. a3 Qb1 33. Qc1 Qe4 34.
Qc3 Qb7 35. Nd3 Nxd3 36. Qxd3 b5 37. h3 Kg7 38. Qd4 a4 39. Qg4 Qd5 40. h4 f6
41. hxg5 hxg5 42. Qd4 Qxd4 43. Bxd4 fxe5 44. Bxe5+ Bf6 45. Bxf6+ Kxf6 46. f3
Ke5 47. Kf2 Kd4 48. Ke2 Kc4 49. Kd2 Kb3 50. Kc1 b4 51. axb4 Kxb4 52. Kc2 Kc4
53. Kd2 Kb3 54. Kc1 e5 55. Kb1 Kc4 56. Kc2 Kb4 57. Kd2 Kc4 58. Kc2 Kb4 59. Kd2
Kb3 60. Kc1 Ka2 61. Kc2 Ka1 62. Kc1 Ka2 63. Kc2 Ka1 64. Kc1 Ka2 65. Kc2 1/2-1/2